LEADER 02396nam0 22004693i 450 001 MIL0146751 005 20251003044226.0 020 $aIT$b77202 100 $a19930310d1976 ||||0itac50 ba 101 | $aita$cita 102 $ait 181 1$6z01$ai $bxxxe 182 1$6z01$an 183 1$6z01$anc$2RDAcarrier 200 1 $aMovimento operaio e lotte sindacali$e(1880-1922)$fAdolfo Pepe 210 $aTorino$cLoescher$d1976 215 $a290 p.$d22 cm 225 | $aDocumenti della storia$v15 300 $aIn cop.: Origini delle lotte operaie. Espansione economica e lotta di classe. La radicalizzazione dello scontro dalla settimana rossa alla sconfitta operaia. 410 0$1001CFI0002898$12001 $aDocumenti della storia$v15 500 10$aMovimento operaio e lotte sindacali$3TSA1811006$9CFIV025902$9870227 606 $aMovimento operaio$xItalia$x1880-1922$xDocumenti$2FIR$3SBLC099447$9I 676 $a331.8$9SINDACATI E CONTRATTAZIONE COLLETTIVA$v12 676 $a331.88$9Sindacati$v11 676 $a331.880945$9SINDACATI. Italia$v23 676 $a331.88094509034$9SINDACATI IN ITALIA NEL 19. SECOLO$v20 676 $a331.88094509034$9SINDACATI IN ITALIA NEL 19. SECOLO$v22 696 $aOpposizione operaia$aRisorse documentarie 699 $aMovimento operaio$zOpposizione operaia 699 $aDocumenti$yRisorse documentarie 700 1$aPepe$b, Adolfo$3CFIV025902$4070$0124821 801 3$aIT$bIT-000000$c19930310 850 $aIT-BN0095 $aIT-SA0252 $aIT-NA0079 $aIT-NA0230 $aIT-NA0701 901 $bNAP BN$cB $nComprende volumi con collocazioni per formato catalogati prima del 1987. La consegna del doc. é effettuata dall'Uff. Distribuzione. 901 $bNAP MP$cSALA 3 $n$ 901 $bNAP 83$cIAN $n$ 901 $bNAP 01$cPOZZO LIB.$nVi sono collocati fondi di economia, periodici di ingegneria e scienze, periodici di economia e statistica e altri fondi comprendenti documenti di economia pervenuti in dono. 912 $aMIL0146751 950 0$aBiblioteca Centralizzata di Ateneo$c1 v.$d 01POZZO LIB.F. SANTI 319$e 0101 0060033645E VMA 1 v. (Precedente collocazione S 340)$fB $h20221108$i20221108 977 $a 01$a 83$a BN$a IR$a MP 996 $aMovimento operaio e lotte sindacali$9870227 997 $aUNISANNIO LEADER 03257nam 2200565 a 450 001 9910974494903321 005 20251117005925.0 010 $a1-61728-020-8 035 $a(CKB)2670000000041778 035 $a(EBL)3019995 035 $a(SSID)ssj0000423961 035 $a(PQKBManifestationID)12140933 035 $a(PQKBTitleCode)TC0000423961 035 $a(PQKBWorkID)10470894 035 $a(PQKB)10734044 035 $a(MiAaPQ)EBC3019995 035 $a(Au-PeEL)EBL3019995 035 $a(CaPaEBR)ebr10675003 035 $a(OCoLC)847729077 035 $a(BIP)23908865 035 $a(EXLCZ)992670000000041778 100 $a20081027d2009 uy 0 101 0 $aeng 135 $aur|n|---||||| 181 $ctxt 182 $cc 183 $acr 200 00$aNew cell adhesion research /$fPatrick Nott and Matthew Temple, editors 205 $a1st ed. 210 $aHauppauge, N.Y. $cNova Science Publishers$dc2009 215 $a1 online resource (310 p.) 300 $aDescription based upon print version of record. 311 08$a1-60692-378-1 320 $aIncludes bibliographical references and index. 327 $aAttachment of cells is regulated by monochromatic radiation in red and near infrared optical region via a novel retrograde mitochondrial signaling pathway / Tiina I. Karu -- Forces at adhesive contacts / Thuc-Nghi Nguyen and Soichiro Yamada -- Cell adhesion molecules for uterine receptivity to human embryo implantation / Maryam Kabir-Salmani, Michiko N. Fukuda -- Control of cell-cell-adhesion by SRC kinase : implications for cancer progression / E. Davis -- Novel data on cell adhesion / Adam Curtis -- CADM1 : a new mast-cell adhesion molecule that mediates interaction with fibroblasts, nerves, and smooth muscles / Akihiko Ito and Man Hagiyama -- Carbon nanoparticles as substrates for cell adhesion and growth / Lucie Bacakova ... [et al.] -- Diabetes increases risk for oral carcinogenesis by induction of cell proliferation and reduction of cell adhesion. An animal model study / Christos Yapijakis -- Expression of molecules with a potential for modulating interaction with extracellular matrices on hepatic stellate cells : neural cell adhesion molecules and osteonectin / Kazuki Nakatani ... [et al.] -- Epithelial cell adhesion molecule EpCAM : past, present, and future / Olivier Gires, Dorothea Maetzel, and Markus Munz -- Mucin coating for controlled cell-material interaction / Tomas Sandberg. 330 $aCell adhesion is the binding of a cell to another cell or to a surface or matrix. This book discusses the mitochondrial retrograde signalling, a cellular signalling pathway, that may work in irradiated mammalian cells. It also reviews the question whether radiation of visible and near IR radiation can activate this cellular signalling pathway. 606 $aCell adhesion 606 $aCell adhesion molecules 615 0$aCell adhesion. 615 0$aCell adhesion molecules. 676 $a611/.0181 701 $aNott$b Patrick$01872087 701 $aTemple$b Matthew$01872088 801 0$bMiAaPQ 801 1$bMiAaPQ 801 2$bMiAaPQ 906 $aBOOK 912 $a9910974494903321 996 $aNew cell adhesion research$94481137 997 $aUNINA